000 00395nam a2200157 i 4500
001 bg
100 1 _aNIEBRZYDOWSKI, Jerzy
245 0 _aSieci elektroenergetyczne /
_cJerzy Niebrzydowski.
260 _aBiałystok,
_c1977.
650 9 _aSieć elektryczna
655 _aPodręczniki akademickie
040 _cBPK
041 _apol
942 _cKS
008 s pl f |000 0 pol
999 _c17332
_d17332
856 _uhttp://koha.tu.koszalin.pl/cgi-bin/koha/opac-detail.pl?biblionumber=17332
_yKatalog online BPK